00239nam a2200073Ia 4500008004100000082000800041100001800049245009800067240331s9999 xx 000 0 und d bEVE aEverett, Jane 4aThe Global Empowerment of women :bSummary report of the 4th International Conference by AWID